000 01146cam a2200457 4500500
005 20260329005117.0
041 _afre
042 _adc
100 1 0 _aEnjalbert, Cédric
_eauthor
245 0 0 _aChloé Delaume-Clotilde Leguil : désillusionnistes
260 _c2022.
500 _a79
690 _aBonheur
690 _aChloé Delaume
690 _aChoix
690 _aClotilde Leguil
690 _aConsentement
690 _aDésillusion
690 _aDeuil
690 _aFiction
690 _aGuérison
690 _aHumour
690 _aIdentité
690 _aIllusion
690 _aLittérature
690 _aLucide
690 _alucidité
690 _aMort
690 _aœuvre
690 _aPerte
690 _aPsychanalyse
690 _aRéel
690 _aRésistance
690 _aSoin
690 _aTragédie
690 _aTraumatismes
690 _aVérité
690 _aViolence
786 0 _nPhilosophie magazine | 161 | 8 | 2022-07-01 | p. 33-34 | 1951-1787
856 4 1 _uhttps://shs.cairn.info/magazine-philosophie-magazine-2022-8-page-33?lang=fr&redirect-ssocas=7080
999 _c1840377
_d1840377